In memoriam Dr. Sándor Oláh 1960-1998 /

Elmentve itt :
Bibliográfiai részletek
Szerző: Farkas Gyula L.
Dokumentumtípus: Cikk
Megjelent: 1999
Sorozat:Acta biologica 43 No. 1-4
Kulcsszavak:Oláh Sándor, Természettudomány, Biológia
Online Access:http://acta.bibl.u-szeged.hu/22317
LEADER 00627nab a2200181 i 4500
001 acta22317
005 20210526100233.0
008 161017s1999 hu o 0|| eng d
022 |a 0563-0592 
040 |a SZTE Egyetemi Kiadványok Repozitórium  |b hun 
041 |a eng 
100 1 |a Farkas Gyula L. 
245 1 3 |a In memoriam Dr. Sándor Oláh   |h [elektronikus dokumentum] :  |b 1960-1998 /  |c  Farkas Gyula L. 
260 |c 1999 
300 |a 149-151 
490 0 |a Acta biologica  |v 43 No. 1-4 
695 |a Oláh Sándor, Természettudomány, Biológia 
856 4 0 |u http://acta.bibl.u-szeged.hu/22317/1/biologica_043_149-151.pdf  |z Dokumentum-elérés